La vera storia di Brad Pitt /

সংরক্ষণ করুন:
গ্রন্থ-পঞ্জীর বিবরন
প্রধান লেখক: Dempsey, Amy (লেখক)
অন্যান্য লেখক: De Simone, Vanni
বিন্যাস: গ্রন্থ
ভাষা:ইতালিয়
প্রকাশিত: Roma : Gremese, c1997
বিষয়গুলি:
ট্যাগগুলো: ট্যাগ যুক্ত করুন
কোনো ট্যাগ নেই, প্রথমজন হিসাবে ট্যাগ করুন!

MARC

LEADER 00000nam a22000007i 4500
001 IT\ICCU\RML\0069006
003 ItRI
005 20250222233839.0
008 980220s1997 it |||||| ||||| |||||c
020 |a 8877420979 
040 |b ita  |c ARCIGAY RIMINI 
041 7 |a ita  |2 ISO-639-2 
100 1 |a Dempsey, Amy  |0 IT\ICCU\RMLV\035958  |4 aut 
240 1 4 |a The unofficial Brad Pitt 
245 1 3 |a La vera storia di Brad Pitt /  |c Amy Dempsey ; traduzione di Vanni De Simone. 
260 |a Roma :  |b Gremese,  |c c1997 
300 |a 90 p. :  |b ill. ;  |c 11 cm. 
650 7 |a Brad, Pitt  |2 scbi 
700 1 |a De Simone, Vanni  |0 IT\ICCU\LO1V\047983 
942 |2 ddc  |c BK 
952 |0 0  |1 0  |2 ddc  |4 0  |6 813_000000000000000_DEM_PIT  |7 1  |9 3398  |a RN  |b RN  |d 2025-02-22  |l 0  |o 813 DEM PIT  |p 10657  |r 2025-02-22 23:41:32  |w 2025-02-22  |x DONAZIONE DI GIOVANNI RIMONDINI  |y BK  |z DONAZIONE DI GIOVANNI RIMONDINI 
981 1 |6 z01  |a i   |b xxxe  
982 1 |6 z01  |a n 
999 |c 2695  |d 2695